00390nam a2200133Ia 4500008004100000020001500041041001200056082001100068100001300079245010800092260003400200300000800234650001400242221030s9999 xx 000 0 und d a9380016979 aEnglish a105.23 aI. Singh 0aSoft Computing : Neural Networks, Fuzzy Logic, Genetic Algorithm & Probabilistic Reasoningcby I. Singh bKhanna Pub.aNew Delhic2010 a656 aComputers